The good earth : (Record no. 100247)

MARC details
000 -LEADER
fixed length control field 00689nam a22002297a 4500
005 - DATE AND TIME OF LATEST TRANSACTION
control field 20160609125504.0
010 ## - LCCN (DPL NO)
LC control number ENG-115249
020 ## - INTERNATIONAL STANDARD BOOK NUMBER
International Standard Book Number 9789352602094
Terms of availability 799.00
020 ## - INTERNATIONAL STANDARD BOOK NUMBER
International Standard Book Number 9352602099
Terms of availability 799.00
035 ## - SYSTEM CONTROL NUMBER
System control number EN-98781
037 ## - SOURCE OF ACQUISITION
Source of stock number/acquisition DBAD/PUB
082 ## - DEWEY DECIMAL CLASSIFICATION NUMBER
Edition number 3
100 ## - MAIN ENTRY--PERSONAL NAME
Personal name Mcconnell,David
245 ## - TITLE STATEMENT
Title The good earth :
Statement of responsibility, etc David Mcconnell,David Steer,Catharine Knight [and] Katharine Owens
Remainder of title introduction to earth science /
246 ## - VARYING FORM OF TITLE
Title proper/short title :
260 ## - PUBLICATION, DISTRIBUTION, ETC. (IMPRINT)
Place of publication, distribution, etc New Delhi
Name of publisher, distributor, etc McGraw Hill Education
Date of publication, distribution, etc 2016
270 ## - ADDRESS
Address P-24,Green Park Ext.
City New Delhi
Postal code 110016
300 ## - PHYSICAL DESCRIPTION
Extent 536p.
Other physical details ill.
Dimensions 25cm(ppk)
500 ## - GENERAL NOTE
General note Includes index and map
700 ## - ADDED ENTRY--PERSONAL NAME
Personal name Rego,Shailaja.
942 ## - ADDED ENTRY ELEMENTS (KOHA)
Source of classification or shelving scheme Dewey Decimal Classification
Item type English Books
Call number prefix SRI

No items available.


© Delhi Public Library
Hit Counter
free hit counter